00278nam a22001097a 4500020001800000040001200018082001500030100001900045245004700064260004700111300001000158 a9789693703351 cMSOHAIL a808.803561 aDr.Sufia Ebaad aRaagh Rut Khuwahishay Marg Aur Tanha Phool aIslamabadbNational Book Foundationcc2009 a383;p